| 000 | 00624nam a2200205 a 4500 | ||
|---|---|---|---|
| 005 | 20241220063743.0 | ||
| 008 | 040119s2002 mx r 000 0 spa d | ||
| 020 | _a8483165384 | ||
| 035 | _aUPN01000131391 | ||
| 049 | _aCG | ||
| 050 | 4 |
_aGV192.2 _bA8.6 |
|
| 100 | 1 | _aAstúa Bejarano, Ileana | |
| 245 | 1 | 0 |
_aOcho días con el Principito : _bun campamento aventura para niños y preadolescentes / _cIleana Astúa Bejarano. |
| 260 |
_aMadrid : _bCCS, _c2002. |
||
| 300 |
_a119 p. : _bil. |
||
| 440 | 0 |
_aOcio y tiempo libre ; _v21 |
|
| 650 | 4 |
_aCAMPAMENTOS _95061 |
|
| 650 | 2 |
_aCampamentos escolares _95064 |
|
| 905 | _aLibro | ||
| 999 |
_c103546 _d103546 |
||